000 00354 a2200157 4500
001 58196
020 _a851604758X
040 _cAnchieta - Pituba
100 _aBelinky, Tatiana
240 1 0 _aAntologia de peças teatrais
_lpor
245 1 0 _aAntologia de peças teatrais
300 _a79
362 0 _a2005
650 4 _aDrama brasileiro
942 _cBK
999 _c58196
_d58196